Library Logo

Thr Government Of India Act ,1935 / (Record no. 172710)

000 -LEADER
fixed length control field 00442nam a22001697a 4500
003 - CONTROL NUMBER IDENTIFIER
control field BD-DhUL
005 - DATE AND TIME OF LATEST TRANSACTION
control field 20170406180318.0
008 - FIXED-LENGTH DATA ELEMENTS--GENERAL INFORMATION
fixed length control field 170406b xxu||||| |||| 00| 0 eng d
040 ## - CATALOGING SOURCE
Transcribing agency BD-DhUL
Modifying agency BD-DhUL
082 ## - DEWEY DECIMAL CLASSIFICATION NUMBER
Classification number 342.547
Item number ALG
245 ## - TITLE STATEMENT
Title Thr Government Of India Act ,1935 /
260 ## - PUBLICATION, DISTRIBUTION, ETC. (IMPRINT)
Place of publication, distribution, etc. Pakistan:
Name of publisher, distributor, etc. Nabha,
Date of publication, distribution, etc. 1952.
300 ## - PHYSICAL DESCRIPTION
Extent 212p.;
Dimensions 26cm.
500 ## - GENERAL NOTE
General note Includes Index And reference.
651 #0 - SUBJECT ADDED ENTRY--GEOGRAPHIC NAME
Source of heading or term Act
Geographic name India
942 ## - ADDED ENTRY ELEMENTS (KOHA)
Source of classification or shelving scheme
Koha item type Reference
Holdings
Price effective from Date last seen Permanent Location Not for loan Date acquired Source of classification or shelving scheme Koha item type Lost status Withdrawn status Source of acquisition Collection code Damaged status Shelving location Barcode Current Location Full call number
2017-04-062017-04-06Dhaka University LibraryNot For Loan2017-04-06 Reference  GiftReference Rare Collection58038Dhaka University Library342.547 ALG
Last Updated on September 15, 2019
© Dhaka University Library. All Rights Reserved|Staff Login